An investigation on premature failure of Mardan Mill By pass road (Record no. 551247)
[ view plain ]
| 000 -LEADER | |
|---|---|
| fixed length control field | 00407nam a22001457a 4500 |
| 082 ## - DEWEY DECIMAL CLASSIFICATION NUMBER | |
| Classification number | P-480 |
| 100 ## - MAIN ENTRY--PERSONAL NAME | |
| Personal name | Abbas Haider |
| 9 (RLIN) | 48251 |
| 245 ## - TITLE STATEMENT | |
| Title | An investigation on premature failure of Mardan Mill By pass road |
| Statement of responsibility, etc. | Harris Ali |
| 260 ## - PUBLICATION, DISTRIBUTION, ETC. | |
| Place of publication, distribution, etc. | Risalpur |
| Name of publisher, distributor, etc. | MCE |
| Date of publication, distribution, etc. | 18-11-2011 |
| 300 ## - PHYSICAL DESCRIPTION | |
| Extent | 77 p.: |
| Other physical details | ill.; |
| 526 ## - STUDY PROGRAM INFORMATION NOTE | |
| Program name | 0 |
| Interest level | 0 |
| Reading level | 0 |
| Title point value | P_480 |
| 650 ## - SUBJECT ADDED ENTRY--TOPICAL TERM | |
| Topical term or geographic name entry element | Project |
| 710 ## - ADDED ENTRY--CORPORATE NAME | |
| Corporate name or jurisdiction name as entry element | Dr Muhammad Jawed Iqbal |
| 9 (RLIN) | 48252 |
| 942 ## - ADDED ENTRY ELEMENTS (KOHA) | |
| Source of classification or shelving scheme | |
| Koha item type | Book |
| Withdrawn status | Lost status | Source of classification or shelving scheme | Damaged status | Not for loan | Permanent Location | Current Location | Date acquired | Total Checkouts | Full call number | Barcode | Date last seen | Price effective from | Koha item type | Public note |
|---|---|---|---|---|---|---|---|---|---|---|---|---|---|---|
| Military College of Engineering (MCE) | Military College of Engineering (MCE) | 12/05/2014 | P-480 | MCE-P-480 | 12/05/2014 | 12/05/2014 | Book | Projects |
